Quizzes
Events
Quiz Creation
Community
Videos
Private Events
Remove Ads
Sign In
Join for FREE
Feedback
Dark Mode
Quiz Categories
Sports
Geography
Music
Movies
Television
Just For Fun
Miscellaneous
History
Literature
Language
Science
Gaming
Entertainment
Religion
Holiday
For Kids
Quiz Lab
Recent
Popular Today
Quiz Kudos Today
Editor Picks
Curator Picks
Quizzes by...
Day
Popularity
Type
Ratings
Length
Year
Community
Subscriptions
Recent Discussions
Orange Saloon
Badges
Playlists
Quests
Create
Leaderboards
Showdown
Live 5
Trivia Bingo
Activity
Puzzle Library
Sporcle Events
Private Events
Virtual Trivia
Globe League
Become a Host
Pub Owners
SporcleCon
Opinionation
Our Games
Videos
Blog
Mobile Apps
Partnerships
Remove Ads and Go Orange
Feedback
Music
Pop Music
The Beatles
Song
Album
Lyrics
Bands
Singers
Artist
Clip
Rock
Rap
Classical
Billboard
Country Music
Kpop
Taylor Swift
Music
Pop Music
The Beatles
Song
Album
Lyrics
Bands
Singers
Artist
Clip
Rock
Rap
Classical
Billboard
Country Music
Kpop
Taylor Swift
Random Quiz
Search Sporcle
×
Quiz Lab
Quiz Lab
Music
Album
Type in answers that appear in a list
Type in answers that appear in a list
Classic
Best Score? Go Orange.
100 90s Alternative Rock Artists by Albums Stats
Can you name the 90's alternative rock/indie bands and artists by their albums?
By
Cooper_PB
15m
100 Questions
2,239 Plays
2,239 Plays
2,239 Plays
Comments
Comments
Give Quiz Kudos
Give Quiz Kudos
-
- Ratings
hide this ad
More Info
Forced Order
Answers have to be entered in order
Answers have to be entered in order
Random Order
Randomize order of answers
Randomize order of answers
Replay
Link that replays current quiz
Next Quiz
Link to next quiz in quiz playlist
You Got
0%
They Got
Avg Score
38%
Avg Friend Score
Upgrade to see
Score Distribution
Jump to the score distribution portion of the page
Score
0/100
Timer
15:00
1
Play Today
Album(s)
Band/Artist
% Correct
Nevermind (1991), Incesticide (1992), In Utero (1993)
Nirvana
92.2%
Blood Sugar Sex Magik (1991), One Hot Minute (1995), Californication (1999)
Red Hot Chili Peppers
90.7%
Dookie (1994), Insomniac (1995)
Green Day
87.4%
Siamese Dream (1993), Mellon Collie and the Infinite Sadness (1995), Adore (1998)
The Smashing Pumpkins
86.3%
Self-
Titled [Blue Album] (1994), Pinkerton (1996)
Weezer
82.5%
Ten (1991), Vs. (1993), Vitalogy (1994)
Pearl Jam
81.9%
Pablo Honey (1993), The Bends (1995), OK Computer (1997)
Radiohead
80.8%
Parklife (1994), Self-
Titled (1997), 13 (1999)
Blur
76.8%
Pretty on the Inside (1991), Live Through This (1994), Celebrity Skin (1998)
Hole
76.8%
Mellow Gold (1994), Odelay (1996), Midnite Vultures (1999)
Beck
75.7%
Out of Time (1991), Automatic for the People (1992), New Adventures in Hi-
Fi (1996)
R.E.M.
75.6%
Badmotorfinger (1991), Superunknown (1994), Down on the Upside (1996)
Soundgarden
71.8%
The Downward Spiral (1994), The Fragile (1999)
Nine Inch Nails
71%
Self-
Titled (1992), Evil Empire (1996), The Battle of Los Angeles (1999)
Rage Against the Machine
68.1%
On Avery Island (1996), In the Aeroplane Over the Sea (1998)
Neutral Milk Hotel
66.7%
Self-
Titled (1995), The Colour and Shape (1997), There Is Nothing Left to Lose (1999)
Foo Fighters
66.4%
Goo (1990), Dirty (1992), Washing Machine (1995)
Sonic Youth
65.6%
Loveless (1991)
My Bloody Valentine
65.2%
Facelift (1990), Dirt (1992), Self-
Titled (1995)
Alice in Chains
64.3%
Slanted and Enchanted (1992), Crooked Rain, Crooked Rain (1994), Wowee Zowee (1995)
Pavement
64%
Bossanova (1990), Trompe le monde (1991)
Pixies
64%
Violator (1990), Songs of Faith and Devotion (1993), Ultra (1997)
Depeche Mode
59.4%
Debut (1993), Post (1995), Homogenic (1997)
Björk
59.3%
His 'n' Hers (1994), Different Class (1995), This Is Hardcore (1998)
Pulp
55.8%
Screamadelica (1991), Give Out But Don't Give Up (1994), Vanishing Point (1997)
Primal Scream
53.7%
Tigermilk (1996), If You're Feeling Sinister (1996), The Boy With the Arab Strap (1998)
Belle and Sebastian
53.7%
Self-
Titled (1995), Either/
Or (1997), XO (1998)
Elliott Smith
53.4%
Transmissions From the Satellite Heart (1993), Clouds Taste Metallic (1995), The Soft Bulletin (1999)
The Flaming Lips
52.2%
Pod (1990), Last Splash (1993)
The Breeders
51.1%
Spiderland (1991)
Slint
50.2%
Heaven or Las Vegas (1990), Four-
Calendar Café (1993), Milk & Kisses (1996)
Cocteau Twins
48.3%
Exile in Guyville (1993)
Liz Phair
48.3%
Repeater (1990), In on the Kill Taker (1993), Red Medicine (1995)
Fugazi
48.2%
Lazer Guided Melodies (1992), Pure Phase (1995), Ladies and Gentlemen We Are Floating in Space (1997)
Spiritualized
47.4%
Album(s)
Band/Artist
% Correct
Dry (1992), Rid of Me (1993), To Bring You My Love (1995)
PJ Harvey
47.1%
Just For a Day (1991), Souvlaki (1993), Pygmalion (1995)
Slowdive
46.5%
This Is a Long Drive for Someone With Nothing to Think About (1996), The Lonesome Crowded West (1997), Building Nothing Out of Something (2000)
Modest Mouse
43.2%
F♯A♯∞ (1997)
Godspeed You Black Emperor!
42.7%
Generation Terrorists (1992), The Holy Bible (1994), Everything Must Go (1996)
Manic Street Preachers
42.4%
A.M (1995), Being There (1996), Summerteeth (1999)
Wilco
42.1%
The Charm of the Highway Strip (1994), Holiday (1994), 69 Love Songs (1999)
The Magnetic Fields
40.4%
Pure Guava (1992), Chocolate and Cheese (1994), The Mollusk (1997)
Ween
40.3%
The Good Son (1990), Let Love In (1994), Murder Ballads (1996)
Nick Cave and the Bad Seeds
39.7%
Kill Uncle (1991), Your Arsenal (1992), Vauxhall and I (1994)
Morrissey
39%
Bone Machine (1992), The Black Rider (1993), Mule Variations (1999)
Tom Waits
37.8%
Green Mind (1991), Where You Been (1993), Without a Sound (1994)
Dinosaur Jr.
37.8%
Painful (1993), Electr-
o-
Pura (1995), I Can Hear the Heart Beating as One (1997)
Yo La Tengo
37.8%
Bandwagonesque (1991), Grand Prix (1995), Songs From Northern Britain (1997)
Teenage Fanclub
36.4%
Bee Thousand (1994), Alien Lanes (1995), Under the Bushes Under the Stars (1996)
Guided By Voices
36.2%
Call the Doctor (1996), Dig Me Out (1997), The Hot Rock (1999)
Sleater-Kinney
35.4%
Self-
Titled (1993), Dog Man Star (1994), Coming Up (1996)
Suede
34.6%
There’s Nothing Wrong With Love (1994), Perfect From Now On (1997), Keep It Like A Secret (1999)
Built to Spill
34.4%
Nowhere (1990), Going Blank Again (1992), Carnival of Light (1994)
Ride
33.3%
Transient Random-
Noise Bursts With Announcements (1993), Mars Audiac Quintet (1994), Emperor Tomato Ketchup (1996)
Stereolab
32.6%
Smell the Magic (1990), Bricks Are Heavy (1992), Hungry for Stink (1994)
L7
31.3%
She Hangs Brightly (1990), So Tonight That I Might See (1993), Among My Swan (1996)
Mazzy Star
30.5%
Young Team (1997), Come On Die Young (1999)
Mogwai
30.2%
Every Good Boy Deserves Fudge (1991), Piece of Cake (1992), My Brother they Cow (1995
Mudhoney
29.6%
This Just Might Be... the Truth (1994), Songs to Fan the Flames of Discontent (1996), The Shape of Punk to Come (1998)
Refused
29.4%
The (band name) Is Terrified (1997), Emergency & I (1999)
The Dismemberment Plan
29.3%
Yerself Is Steam (1991), Boces (1993), Deserter’s Songs (1998)
Mercury Rev
28.9%
Self-
Titled (1994), Million Now Living Will Never Die (1996), TNT (1998)
Tortoise
28.8%
Bullhead (1991), Lysol (1992), Houdini (1993)
Melvins
28.8%
Head (1990), Goat (1991), Liar (1992)
The Jesus Lizard
27.4%
Diary (1994), Self-
Titled (1995), How It Feels to Be Something On (1998)
Sunny Day Real Estate
26%
Spooky (1992), Split (1994), Lovelife (1996)
Lush
26%
III (1991), Bubble & Scrape (1993), Bakesale (1994)
Sebadoh
25.7%
White Light From the Mouth of Infinity (1991), The Great Annhilator (1995), Soundtracks for the Blind (1996)
Swans
25.6%
Album(s)
Band/Artist
% Correct
Honey's Dead (1992), Stoned & Dethroned (1994), Munki (1998)
The Jesus and Mary Chain
24.9%
Gentlemen (1993), Black Love (1996), 1965 (1998)
The Afghan Whigs
22.8%
Down Colorful Hill (1992), Self-
Titled [Rollercoaster] (1993), Ocean Beach (1995)
Red House Painters
22.4%
Starlite Walker (1994), The Natural Bridge (1996), American Water (1998)
Silver Jews
20.8%
At Action Park (1994), The Futurist (1997), Terraform (1998)
Shellac
19.5%
Raise (1991), Mezcal Head (1993), Ejector Seat Reservation (1995)
Swervedriver
19.4%
Self-
Titled (1991), Yank Crime (1994)
Drive Like Jehu
19.4%
Bivouac (1992), 24 Hour Revenge Therapy (1994), Dear You (1995)
Jawbreaker
19%
Pop Tatari (1992), Super æ (1998), Vision Creation Newsun (1999)
Boredoms
18.3%
Vivadixiesubmarinetransmissionplot (1995), Good Morning Spider (1998)
Sparklehorse
18.3%
Under the Western Freeway (1997)
Grandaddy
18%
I Could Live In Hope (1994), Long Division (1995), The Curtain Hits the Cast (1996)
Low
17.9%
Twin Infinitives (1990), Cats and Dogs (1993)
Royal Trux
17.5%
Forbidden Places (1991), Too High to Die (1994), No Joke! (1995)
Meat Puppets
16%
Self-
Titled (1990), No Pocky for Kitty (1991), Foolish (1994)
Superchunk
15.9%
Music From the Unrealized Film Script, Dusk at Cubist Castle (1996), Black Foliage: Animation Music Volume 1 (1999)
The Olivia Tremor Control
15.8%
Icky Mettle (1993), Vee Vee (1995), All the Nations Airports (1996)
Archers of Loaf
15.7%
Seamonsters (1991), Watusi (1994), Saturnalia (1995)
The Wedding Present
15.2%
The Real Ramona (1991), Red Heaven (1992), University (1995)
Throwing Muses
15.2%
Extra Width (1993), Orange (1994), Now I Got Worry (1996)
The Jon Spencer Blues Explosion
15.1%
Frigid Stars (1990), The White Birch (1994)
Codeine
14.8%
Cherry Peel (1997), The Bedside Drama: A Petite Tragedy (1998), The Gay Parade (1999)
of Montreal
13.1%
Cor-
Crane Secret (1992), Today’s Active Lifestyles (1993), Exploded Drawing (1996)
Polvo
12.7%
What Fun Life Was (1994), Bedheaded (1996), Transaction de Novo (1998)
Bedhead
12%
Fake Can Be Just as Good (1997), In an Expression of the Inexpressible (1999), Melody of Certain Damaged Lemons (2000)
Blonde Redhead
11.9%
Dreamy (1991), You Turn Me On (1992)
Beat Happening
10.7%
Bonsai Superstar (1994), Hissing Prigs in Static Couture (1996)
Brainiac
10.2%
13-
Point Program to Destroy America (1991), Pretty Plays for Baby (1992)
Nation of Ulysses
10%
In the West (1993), Libertine (1994), Firewater (1996)
Silkworm
9.7%
Fun Trick Noisemaker (1995), Tone Soul Evolution (1997), Her Wallpaper Reverie (1999)
The Apples In Stereo
9.6%
The Power of Falling (1997), EndSerenading (1998)
Mineral
9.4%
God Don't Make No Junk (1994), Don't Tell Me Now (1996), The Rebels Not In (1998)
The Halo Benders
6%
Quiz Playlist
Details
Report
Send in Message
Add To Playlist
More Info:
This is a tough one. A familiarity with the Sub-Pop catalog will come in useful. Good luck, and may the music junky in you prevail.
Classic:
Type in answers that appear in a list
Forced Order:
Answers have to be entered in order
Random Order:
Randomize order of answers
Last Updated: Mar 29, 2018
Quiz Scoreboard
CHALLENGE
Sign Up to Join the Scoreboard
Show All
Scores
Hide
Comments
May contain spoilers
Recently Published
Popular People in 1961
by mucciniale
History
6m
1-10 Letter E Words III
by El_Dandy
Language
2m
One Thing in Common: World Cities II
by knightlancer
Geography
7m
More to Explore
Quiz From the Vault
Featured Blog Post
Where Did the Easter Bunny Come From?
hide this ad
You Might Also Like...
Tags
Album Quiz
Bands Quiz
Rock Quiz
Alternative
Alternative Music
emo
grunge
indie
pitchfork
punk
Punk Albums
Shoegaze
Today's Top Quizzes in Music
Browse Music
hide this ad
Today's Top Quizzes in Album
Browse Album
Top Contributed Quizzes in Music
1
Taylor Swift All Songs (2024)
2
2010s Album by Cover III
3
One Thing in Common: Music
4
Taylor Swift Logic Puzzle
5
Guess the Artist- 70s Songs
6
2010s Album by Cover IV
7
Guess the Taylor Swift song (Mystery Song)
8
2010s Album by Cover V
9
Lana Del Rey Discography (BTD to DYKTTATUOB)
10
2010s Album by Cover VI
Explore More
Trending Topics
NBA
Anime
Marvel
Disney
Harry Potter
Crossword
Kpop
WWE
Puzzle
NFL
Soccer
The Office
Song
Country
Pokémon
hide this ad
More By:
Cooper_PB
Quiz
Plays
Rating
Category
Featured
Created
100 90s Alternative Rock Artists by Albums
2,239
4.58
Music
Apr 24, 2014
250 Directors
888
4.38
Movies
May 16, 2014
30 Most Common Occupational Surnames (U.S.)
287
4.20
Language
Aug 26, 2014
Japanese New Wave Directors
96
2.50
Movies
May 20, 2014
Go to Creator's Profile
Score Distribution
Quiz Creator Spotlight
Cooper_PB
Follow
Send a Message
Quizzes Created
-
Created Quiz Play Count
-
More By This Creator
Popular Quizzes Today
1
Find the US States - No Outlines Minefield
2
Find the Countries of Europe - No Outlines Minefield
3
The Countries of the World
4
Popular People in 1961
5
1-10 Letter E Words III
6
Find the US States
7
US States
8
One Thing in Common: World Cities II
More Music Quizzes
Classical Composers
Published
Trending Quizzes
Risky Map Clicking: Least Populous States A-Z
1-10 Letter F Words
1-10 Letter G Words
One Thing in Common: United Kingdom
Risky Map Clicking: Next State Alphabetically
Recently Updated
Leaping Animals
pecheneg
Reality TV Shows (A-Z)
bhenderson79
Rickey Henderson's Hall of Fame Teammates
pecheneg
Champions League XIs: Arsenal
pecheneg
Quick Pick: Celebrities in WWE's Hall of Fame
aduchscher
A-Z Keypad Blitz II
pecheneg
Multiple Oscar Actors
pecheneg
Mystery Phrase Blitz: Oscar 'Best Actors'
pecheneg
F. Scott Fitzgerald Novels
LTH
Pick 3 Villains
ddd62291
Trending Topics
Kpop
Disney
Harry Potter
Crossword
NBA
Marvel
Anime
WWE
Puzzle
Song
NFL
Soccer
Pokémon
Country
The Office
Your Account Isn't Verified!
In order to create a playlist on Sporcle, you need to verify the email address you used during registration. Go to your
Sporcle Settings
to finish the process.
Report this User
Report this user for behavior that violates our
Community Guidelines
.
Details:
Send Report
Go to the Sporcle.com Mobile Site →
Comments